L'Islam en Occident (Record no. 172484)
[ view plain ]
| 000 -LEADER | |
|---|---|
| campo de control de longitud fija | 00700nam a2200205 i 4500 |
| 001 - NÚMERO DE CONTROL | |
| campo de control | 172484 |
| 003 - IDENTIFICADOR DE NÚMERO DE CONTROL | |
| campo de control | ES-MaACL |
| 005 - FECHA Y HORA DE LA ÚLTIMA TRANSACCIÓN | |
| campo de control | 20230906214930.0 |
| 008 - DATOS DE LONGITUD FIJA--INFORMACIÓN GENERAL | |
| campo de control de longitud fija | 090709s1987 fr |||| | fre d |
| 020 ## - NÚMERO INTERNACIONAL ESTÁNDAR DEL LIBRO | |
| Número Internacional Estándar del Libro | 2-85802-827-3 |
| 080 ## - NÚMERO DE LA CLASIFICACIÓN DECIMAL UNIVERSAL | |
| Número de la Clasificación Decimal Universal | 94(460).021 |
| 080 ## - NÚMERO DE LA CLASIFICACIÓN DECIMAL UNIVERSAL | |
| Número de la Clasificación Decimal Universal | 930.85(460=411.21) |
| 100 1# - ENTRADA PRINCIPAL--NOMBRE DE PERSONA | |
| Nombre de persona | Garaudy, Roger. |
| 9 (RLIN) | 53935 |
| 245 10 - MENCIÓN DEL TÍTULO | |
| Título | L'Islam en Occident |
| Resto del título | : Cordoue, une capital de l'esprit / |
| Mención de responsabilidad, etc. | Roger Garaudy. |
| 260 ## - PUBLICACIÓN, DISTRIBUCIÓN, ETC. | |
| Lugar de publicación, distribución, etc. | Paris : |
| Nombre del editor, distribuidor, etc. | L'Harmattan, |
| Fecha de publicación, distribución, etc. | [1987] |
| 300 ## - DESCRIPCIÓN FÍSICA | |
| Extensión | 246 p. ; |
| Dimensiones | 22 cm. |
| 651 #4 - PUNTO DE ACCESO ADICIONAL DE MATERIA--NOMBRE GEOGRÁFICO | |
| Nombre geográfico | Al-Andalus- |
| Subdivisión general | Historia- |
| Subdivisión cronológica | 929-1031, Califato de Córdoba. |
| 9 (RLIN) | 7611 |
| 651 #4 - PUNTO DE ACCESO ADICIONAL DE MATERIA--NOMBRE GEOGRÁFICO | |
| Nombre geográfico | Al-Andalus- |
| Subdivisión general | Civilización. |
| 9 (RLIN) | 7608 |
| 852 ## - LOCALIZACIÓN | |
| Ubicación | ES-MaACL |
| Número de control de estantería | E-12799 |
| itemnumber | R.139404 |
| Nota libre | .- Biblioteca Jacinto Martínez Lacalle |
| Estatus retirado | Estado de pérdida | Estado de daño | No para préstamo | Biblioteca de origen | Biblioteca actual | Ubicación en estantería | Fecha de adquisición | Fuente de adquisición | Total de préstamos | Signatura topográfica completa | Código de barras | Visto por última vez | Precio de reemplazo | Tipo de ítem Koha |
|---|---|---|---|---|---|---|---|---|---|---|---|---|---|---|
| Biblioteca del Ateneo de Madrid | Biblioteca del Ateneo de Madrid | Depósito 2 | 09/07/2009 | E-12799 | 1181010 | 23/02/2023 | 23/02/2023 | Libro impreso |
